It began in Babel ; the history of the birth and development of races /

Bibliographic Details
Main Author: Wendt, Herbert, 1914-1979
Format: Book
Language:English
German
Published: Boston : Houghton Mifflin, 1962
Subjects:

MARC

Tag First Indicator Second Indicator Subfields
LEADER 00000cam a2200000 4500
001 in00000050161
005 20151007065806.0
008 740924c19621961mau 00000 eng u
010 |a  61010780  
035 |a (OCoLC)01019529 
035 |9 AAE2696AM 
040 |c CIN  |d TXA  |d UtOrBLW 
041 1 |a eng  |a ger 
049 |a TXAM  |c [342450] 
050 0 |a GN315  |b .W4953 1962 
092 |a 572  |b W473i, 1962 
100 1 |a Wendt, Herbert,  |d 1914-1979. 
245 1 0 |a It began in Babel ;  |b the history of the birth and development of races /  |c Translated from the German by James Kirkup. 
264 1 |a Boston :  |b Houghton Mifflin,  |c 1962 
264 4 |c [©1961] 
300 |a x, 444 pages :  |b illustrations ;  |c 22 cm. 
336 |a text  |b txt  |2 rdacontent 
337 |a unmediated  |b n  |2 rdamedia 
338 |a volume  |b nc  |2 rdacarrier 
500 |a Translation of Es begann in Babel. 
650 0 |a Ethnology. 
999 |a MARS 
999 f f |s bc1dc7b3-b472-380e-9b3f-1b477105ed33  |i fb3581ab-1f8d-384e-929b-79873cee0938  |t 0 
952 f f |p ric  |a Texas A&M University  |b Rellis Campus  |c Joint Library Facility  |d Remote Storage  |t 0  |e GN315 .W4953 1962  |h Library of Congress classification  |i unmediated -- volume  |m A14800967835 
998 f f |a GN315 .W4953 1962  |t 0  |l Remote Storage